Normal view
MARC view
Entry Personal Name
001 - CONTROL NUMBER
- control field: 34935
003 - CONTROL NUMBER IDENTIFIER
- control field: OSt
005 - DATE AND TIME OF LATEST TRANSACTION
- control field: 20160128150236.0
008 - FIXED-LENGTH DATA ELEMENTS
- fixed length control field: 160128|| aca||aabn | a|a d
040 ## - CATALOGING SOURCE
- Original cataloging agency: OSt
- Transcribing agency: OSt
100 ## - HEADING--PERSONAL NAME
- Personal name: डॉ ना. वि. परांजपे
670 ## - SOURCE DATA FOUND
- Source citation: Work cat.: (OSt)30894: डॉ ना. वि. परांजपे, कम्पनी विधि , 1998









